Rzeczowniki zakończone na -cja - Statystyki

Ogólne statystyki
  • Ten quiz został rozwiązany 12 razy
  • Średni wynik to 32 z 253
Statystyki odpowiedzi
Odpowiedź % Poprawnych
policja
75%
stacja
67%
akcja
58%
kolacja
58%
lekcja
58%
racja
58%
trakcja
58%
akacja
50%
gracja
50%
wariacja
50%
ekranizacja
42%
kontynuacja
42%
operacja
42%
owacja
42%
rotacja
42%
aborcja
33%
dykcja
33%
fikcja
33%
komunikacja
33%
konstytucja
33%
kreacja
33%
porcja
33%
reakcja
33%
adaptacja
25%
adoracja
25%
akrobacja
25%
atrakcja
25%
demokracja
25%
dominacja
25%
dyrekcja
25%
edukacja
25%
edycja
25%
elegancja
25%
elewacja
25%
emigracja
25%
iluminacja
25%
instalacja
25%
kastracja
25%
kaucja
25%
kolekcja
25%
kuracja
25%
migracja
25%
obligacja
25%
populacja
25%
produkcja
25%
spacja
25%
tonacja
25%
wizytacja
25%
agencja
17%
amputacja
17%
aplikacja
17%
arogancja
17%
aukcja
17%
degradacja
17%
deklaracja
17%
dekoracja
17%
demencja
17%
demonstracja
17%
dotacja
17%
eliminacja
17%
erupcja
17%
esencja
17%
ewakuacja
17%
fascynacja
17%
grawitacja
17%
imigracja
17%
imitacja
17%
improwizacja
17%
informacja
17%
inspekcja
17%
instytucja
17%
interpretacja
17%
irytacja
17%
karnacja
17%
konkurencja
17%
konstrukcja
17%
konsultacja
17%
kwalifikacja
17%
likwidacja
17%
mobilizacja
17%
motywacja
17%
narracja
17%
organizacja
17%
pozycja
17%
promocja
17%
proporcja
17%
propozycja
17%
publikacja
17%
realizacja
17%
reanimacja
17%
redakcja
17%
regulacja
17%
rekreacja
17%
reputacja
17%
rewolucja
17%
rywalizacja
17%
sekcja
17%
separacja
17%
transformacja
17%
walidacja
17%
wibracja
17%
abstrakcja
8%
akceptacja
8%
aktualizacja
8%
aktywacja
8%
ambicja
8%
aparycja
8%
aspiracja
8%
atencja
8%
audycja
8%
degustacja
8%
depilacja
8%
dezynfekcja
8%
dyskrecja
8%
dystrybucja
8%
emocja
8%
frustracja
8%
generacja
8%
gestykulacja
8%
gwarancja
8%
ilustracja
8%
indukcja
8%
inflacja
8%
inspiracja
8%
integracja
8%
inteligencja
8%
intencja
8%
interakcja
8%
inwestycja
8%
kanalizacja
8%
kolaboracja
8%
kompozycja
8%
kompromitacja
8%
konfrontacja
8%
konsekwencja
8%
koordynacja
8%
korepetycja
8%
koronacja
8%
korporacja
8%
kumulacja
8%
kwintesencja
8%
legitymacja
8%
lewitacja
8%
licencja
8%
licytacja
8%
lokalizacja
8%
mutacja
8%
nominacja
8%
obiekcja
8%
obserwacja
8%
pigmentacja
8%
plantacja
8%
prezentacja
8%
prowokacja
8%
punktacja
8%
recytacja
8%
redukcja
8%
rehabilitacja
8%
reklamacja
8%
rekrutacja
8%
restauracja
8%
rezerwacja
8%
rezygnacja
8%
sensacja
8%
stabilizacja
8%
sterylizacja
8%
stylizacja
8%
symulacja
8%
sytuacja
8%
tolerancja
8%
tradycja
8%
transakcja
8%
adopcja
0%
aklimatyzacja
0%
amortyzacja
0%
amunicja
0%
animacja
0%
asekuracja
0%
charakteryzacja
0%
cywilizacja
0%
dedykacja
0%
definicja
0%
desperacja
0%
dezorientacja
0%
dokumentacja
0%
dyspozycja
0%
egzekucja
0%
egzystencja
0%
ekscytacja
0%
ekspozycja
0%
elokwencja
0%
ewolucja
0%
faworyzacja
0%
fermentacja
0%
figuracja
0%
frekwencja
0%
fundacja
0%
funkcja
0%
halucynacja
0%
hibernacja
0%
identyfikacja
0%
infekcja
0%
ingerencja
0%
inhalacja
0%
inicjacja
0%
instrukcja
0%
interpunkcja
0%
interwencja
0%
intuicja
0%
inwentaryzacja
0%
izolacja
0%
kalkulacja
0%
klasyfikacja
0%
klimatyzacja
0%
kompetencja
0%
kondycja
0%
konferencja
0%
konfiguracja
0%
konwersacja
0%
kulminacja
0%
manipulacja
0%
medytacja
0%
negocjacja
0%
orientacja
0%
perfekcja
0%
petycja
0%
pistacja
0%
premedytacja
0%
recepcja
0%
referencja
0%
regeneracja
0%
relacja
0%
reprezentacja
0%
rewelacja
0%
rezydencja
0%
satysfakcja
0%
segmentacja
0%
segregacja
0%
sekwencja
0%
specjalizacja
0%
spekulacja
0%
subskrypcja
0%
substancja
0%
telekomunikacja
0%
teleportacja
0%
tendencja
0%
turbulencja
0%
utylizacja
0%
wegetacja
0%
wentylacja
0%
weryfikacja
0%
windykacja
0%
wizualizacja
0%
Nie znaleziono quizów pasujących do podanych kryteriów
Rozkład punktacji
Procent ludzi z każdym wynikiem
Percentyl według liczby udzielonych odpowiedzi
Twoja historia wyników
Nie rozwiązałeś tego quizu